<?xml version="1.0" encoding="UTF-8"?>
<record
    xmlns:xsi="http://www.w3.org/2001/XMLSchema-instance"
    xsi:schemaLocation="http://www.loc.gov/MARC21/slim http://www.loc.gov/standards/marcxml/schema/MARC21slim.xsd"
    xmlns="http://www.loc.gov/MARC21/slim">

  <leader>00891nam a2200217Ia 4500</leader>
  <datafield tag="952" ind1=" " ind2=" ">
    <subfield code="0">0</subfield>
    <subfield code="1">0</subfield>
    <subfield code="2">ddc</subfield>
    <subfield code="4">0</subfield>
    <subfield code="7">0</subfield>
    <subfield code="9">163447</subfield>
    <subfield code="a">LDD</subfield>
    <subfield code="b">LDD</subfield>
    <subfield code="d">2019-01-17</subfield>
    <subfield code="l">0</subfield>
    <subfield code="o">8H1.71 &#x938;6326</subfield>
    <subfield code="p">H021662</subfield>
    <subfield code="r">2019-01-17</subfield>
    <subfield code="w">2019-01-17</subfield>
    <subfield code="y">H</subfield>
  </datafield>
  <datafield tag="999" ind1=" " ind2=" ">
    <subfield code="c">163705</subfield>
    <subfield code="d">163705</subfield>
  </datafield>
  <controlfield tag="003">LDD</controlfield>
  <controlfield tag="005">20191220145535.0</controlfield>
  <controlfield tag="008">190117s9999    xx            000 0 und d</controlfield>
  <datafield tag="020" ind1=" " ind2=" ">
    <subfield code="a">9789382821014</subfield>
    <subfield code="c">&#x20B9;280</subfield>
  </datafield>
  <datafield tag="040" ind1=" " ind2=" ">
    <subfield code="c">LDD</subfield>
  </datafield>
  <datafield tag="041" ind1=" " ind2=" ">
    <subfield code="a">hi</subfield>
  </datafield>
  <datafield tag="082" ind1=" " ind2=" ">
    <subfield code="2">23</subfield>
    <subfield code="a">8H1.71 &#x938;6326</subfield>
  </datafield>
  <datafield tag="245" ind1=" " ind2="0">
    <subfield code="a">&#x938;&#x943;&#x91C;&#x928;&#x93E;&#x924;&#x94D;&#x92E;&#x915;&#x924;&#x93E; &#x915;&#x947; &#x906;&#x92F;&#x93E;&#x92E;:</subfield>
    <subfield code="b">&#x909;&#x926;&#x92F; &#x92A;&#x94D;&#x930;&#x915;&#x93E;&#x936; &#x92A;&#x930; &#x90F;&#x915;&#x93E;&#x917;&#x94D;&#x930;/ </subfield>
    <subfield code="c">&#x938;&#x902;&#x92A;&#x93E;&#x926;&#x915; &#x91C;&#x94D;&#x92F;&#x94B;&#x924;&#x93F;&#x937; &#x91C;&#x94B;&#x936;&#x940; </subfield>
  </datafield>
  <datafield tag="260" ind1=" " ind2=" ">
    <subfield code="b">&#x928;&#x92F;&#x940; &#x915;&#x93F;&#x924;&#x93E;&#x92C;</subfield>
    <subfield code="c">2017</subfield>
    <subfield code="a">&#x926;&#x93F;&#x932;&#x94D;&#x932;&#x940; </subfield>
  </datafield>
  <datafield tag="300" ind1=" " ind2=" ">
    <subfield code="a">xiii, 160</subfield>
  </datafield>
  <datafield tag="650" ind1=" " ind2=" ">
    <subfield code="a">&#x938;&#x943;&#x91C;&#x928;&#x93E;&#x924;&#x94D;&#x92E;&#x915;&#x924;&#x93E; &#x915;&#x93E; &#x906;&#x92F;&#x93E;&#x92E; </subfield>
    <subfield code="9">9784</subfield>
  </datafield>
  <datafield tag="700" ind1=" " ind2=" ">
    <subfield code="a">&#x91C;&#x94B;&#x936;&#x940;, &#x91C;&#x94D;&#x92F;&#x94B;&#x924;&#x93F;&#x937; </subfield>
    <subfield code="e">&#x938;&#x902;&#x92A;&#x93E;&#x926;&#x915;</subfield>
    <subfield code="9">9785</subfield>
  </datafield>
  <datafield tag="901" ind1=" " ind2=" ">
    <subfield code="a">STAR                                                        </subfield>
  </datafield>
  <datafield tag="904" ind1=" " ind2=" ">
    <subfield code="a">Reqst by : Satyakam</subfield>
  </datafield>
  <datafield tag="942" ind1=" " ind2=" ">
    <subfield code="2">ddc</subfield>
    <subfield code="c">H</subfield>
    <subfield code="e">23</subfield>
    <subfield code="h">8H1.71 &#x938;6326</subfield>
  </datafield>
</record>
